000 00750nam a22002417a 4500
003 UA-OsUOA
001 127012
007 ta
008 20171114b un ||||| |||| 00| 0 ukr d
100 _aГуменюк В. І.
090 _a821.161.2
_bГ94
942 _cBK
040 _aUA-OsUOA
_bukr
_cUA-OsUOA
_dUA-OsUOA
245 _aКримські мотиви в новій українській літературі
_bкінець ХІХст. - початок ХХ ст.
300 _a320 с.
955 _a3
041 _aukr
080 _a821.161.2
020 _a978-966-435-166-6
260 _aСімферополь
_bТаврія
_c2007
650 7 _a82 Література. Літературознавство
_2UDC
999 _c414175
_d414175